000 00662nam a2200205Ia 4500
003 GCL
008 140319s9999 xx 000 0 ara d
040 _aGCL /
_cGCL
082 0 4 _aد
_b050
_bش ب
100 1 _aالشركة السعودية للابحاث والنشر
245 1 0 _aباسم /
_cالشركة السعودية للابحاث والنشر
260 _a[S.N] :
_bالشركة السعودية للابحاث والنشر
300 _a45
490 _aالجغرافيا الاسلامية
_v0
650 0 4 _aالادب
650 0 4 _aالقصص
650 0 4 _aقصص الاطفال
650 0 4 _aالقصص المصورة
942 _2ddc
_cCF
999 _c26999
_d26999